000 00580nam a2200193Ia 4500
005 20250508152802.0
008 008 250505s9999 xx 000 0 eng d
037 _aTextual
040 _aFEDL
_beng
_cFEDL
041 _aeng
_2eng
084 _a371.73, OER
_qFEDL
100 _aOermann Karl C H
_9762377
245 0 _aConditioning exercises, games, tests
260 _aAnnapolis
_bUnited States Naval Institute
_c1960
300 _axii,275p.
700 _a Young Carl Haven Gary Mitchell J
_9762378
942 _cTEXL
_h371.73, OER
999 _c1338742
_d1338742